000 00482nam a2200181Ia 4500
008 230917s9999||||xx |||||||||||||| ||und||
020 _cRS400
040 _e227959
_aMAIN
041 _aEnglish
082 _a345.06 A92P(21)
100 _aAvtar Singh
245 0 _aPrinciples of the law of evidence
250 _a21st ed.
260 _aAllahabad
_bCentral Law Publications
_c2014
300 _a608 p.
500 _a2086 26/08/2015 KB15/115 11/09/2015 Main Budget
942 _cBK
999 _c15711
_d15711